000
00256nam a22001097a 4500
008
170120b xxu||||| |||| 00| 0 eng d
020
_a
9780766822252
041
_a
eng
080
_a
618.2
245
_a
NURSING PROCESS IN ACTION
_c
GARDNER, P
942
_2
udc
_c
BK
999
_c
3230
_d
3230